000 00724cam a2200229 a 4500
001 000004432
005 20200929151436.0
008 910624s1992 sp 000 f spa
020 _a8474612772
040 _aDO-SdBNP
_cDLC
_dDLC
082 _a823.8
_bB869c
100 1 _aBrontë, Emily,
_d1818-1848.
_913019
245 1 0 _aCumbres borrascosas /
_cEmely Brontë.
260 _aMadrid :
_bClub Internacional del Libro,
_c[1992].
300 _a288 p. ;
_c19 cm.
490 1 _aGrandes genios de la literatura universal
_v39
650 4 _aNovela inglesa
_91071
650 4 _aLiteratura inglesa
_9498
830 0 _aGrandes genios de la literatura universal ;
_v39
_97077
910 _aCatalogación por copia / LC
910 _aWM
999 _c4241
_d4241